书目信息 |
| 题名: |
大学英语教学改革与创新研究
|
|
| 作者: | 牛园媛 , 田志远 , 石莉 著 | |
| 分册: | ||
| 出版信息: | 沈阳 辽海出版社 2019.01 |
|
| 页数: | 280页 | |
| 开本: | 24cm | |
| 丛书名: | ||
| 单 册: | ||
| 中图分类: | H319.1 | |
| 科图分类: | ||
| 主题词: | 英语--ying yu--教学改革--研究--高等学校 | |
| 电子资源: | ||
| ISBN: | 978-7-5451-4530-4 | |
| 000 | 00889nam0 2200253 450 | |
| 001 | 202019133264 | |
| 005 | 20190921113344.0 | |
| 010 | @a978-7-5451-4530-4@dCNY68.00 | |
| 100 | @a20190916d2019 em y0chiy50 ea | |
| 101 | 0 | @achi |
| 102 | @aCN@b210000 | |
| 105 | @ak z 000yy | |
| 106 | @ar | |
| 200 | 1 | @a大学英语教学改革与创新研究@Ada xue ying yu jiao xue gai ge yu chuang xin yan jiu@f牛园媛, 田志远, 石莉著 |
| 210 | @a沈阳@c辽海出版社@d2019.01 | |
| 215 | @a280页@d24cm | |
| 330 | @a本书就大学英语的教学观、教学模式、教学方法等方面阐述了其改革思路, 其中心点就是培养学生的英语交际能力, 使大学生英语教学上一个新台阶。 | |
| 606 | 0 | @a英语@Aying yu@x教学改革@x研究@x高等学校 |
| 690 | @aH319.1@v5 | |
| 701 | 0 | @a牛园媛@Aniu yuan yuan@4著 |
| 701 | 0 | @a田志远@Atian zhi yuan@4著 |
| 701 | 0 | @a石莉@Ashi li@4著 |
| 801 | 0 | @aCN@c20190905 |
| 905 | @a河南城建学院图书馆@dH319.1@eN729 | |
| 大学英语教学改革与创新研究/牛园媛, 田志远, 石莉著.-沈阳:辽海出版社,2019.01 |
| 280页;24cm |
| ISBN 978-7-5451-4530-4:CNY68.00 |
| 本书就大学英语的教学观、教学模式、教学方法等方面阐述了其改革思路, 其中心点就是培养学生的英语交际能力, 使大学生英语教学上一个新台阶。 |
| ● |
| 相关链接 |
|
|
|
正题名:大学英语教学改革与创新研究
索取号:H319.1/N729
 
预约/预借
| 序号 | 登录号 | 条形码 | 馆藏地/架位号 | 状态 | 备注 |
| 1 | 1440278 | 214402788 | 语言库209/209语言库 42排2列5层/ [索取号:H319.1/N729] | 在馆 | |
| 2 | 1440279 | 214402797 | 语言库209/209语言库 42排2列5层/ [索取号:H319.1/N729] | 在馆 |